El diario de ana frank /
Guardado en:
| Autor Principal: | |
|---|---|
| Formato: | Libro |
| Publicado: |
Uruguay :
Centro Editor de Cultura,
2004
|
| Materias: | |
| Etiquetas: |
Agregar Etiqueta
Sin Etiquetas, Sea el primero en etiquetar este registro!
|
| LEADER | 00527nam a22001935a 4500 | ||
|---|---|---|---|
| 001 | CEM.cems012720 | ||
| 005 | 20140919141814.0 | ||
| 008 | 130507s2004##################000#0#####d | ||
| 003 | CEMS | ||
| 020 | |a 9974782023 | ||
| 082 | 0 | 4 | |a 833.9 |
| 100 | 1 | |a Frank, Ana | |
| 245 | 1 | 0 | |a El diario de ana frank / |c Ana Frank |
| 260 | |a Uruguay : |b Centro Editor de Cultura, |c 2004 | ||
| 300 | |a 222 p. | ||
| 653 | |a Literatura | ||
| 653 | |a Literatura alemana | ||
| 653 | |a Biografías | ||
| 859 | |a CEMS |b BIB. CEMS - 11 de abril |h 833.9 |i F853 |p 24040.07 |t Ej.1 | ||
